000 00362 a2200133 4500
001 66109
020 _a9788190363457
082 _a297.854 PEA
090 _c38412
_d38412
100 _aHarlan O. Pearson
245 _aIslamic Reform and Revival in Nineteenth Century India Tariqah i Muhammadiyah
260 _aIndia
_bYodapress
_c2008
300 _axviii 266p
942 _acaenust
_k297.854 PEA
999 _c301182
_d301182